Statistics for Palestine Governorates by Populations Density

Click here to take the quiz!

General Stats

  • This quiz has been taken 14 times
  • The average score is 6 of 16

Answer Stats

Population DensityGovernorates% Correct
8457.1 km^2Gaza
100%
708.6 km^2Hebron
50%
5947.1 km^2North Gaza
50%
3524 km^2Rafah
50%
927.9 km^2Bethlehem
40%
4559.6 km^2Deir al-Balah
40%
3161 km^2Khan Yunis
40%
629.7 km^2Nablus
40%
533.4 km^2Jenin
30%
87.9 km^2Jericho
30%
1214.8 km^2Jerusalem
30%
407.1 km^2Ramallah and al-Bireh
20%
346.7 km^2Salfit
20%
740.1 km^2Tulkarm
20%
667.5 km^2Qalqiliya
10%
161 km^2Tubas
10%

Score Distribution

Percentile by Number Answered

Percent of People with Each Score

Your Score History

You have not taken this quiz